00753cam a22002291a 4500001001300000003000400013005001700017008004100034010001700075035001900092040001700111042001200128050001600140100004100156245008100197260006700278300002500345490005700370650002600427830005300453999001700506ne 67001952 DLC20260227111835.0830528s1956 ir 000 0 fre  ane 67001952  a(OCoLC)9558571 aDLCcIUdDLC apremarc00aQA689b.H321 aHashtrūdī, Muḥsin,d1908-1976.10aSur les espaces de Riemann, de Weyl et de Schouten /cpar Mohsen Hachtroudi. a[Téhéran :bImpr. de l'Université de Téhéran,c1956. aiv, 127 p. ;c25 cm.1 aPublication / Université de Téhéran ;vno. 297 0aGeometry, Riemannian. 0aIntishārāt (Dānishgāh-i Tihrān) ;v297 c49868d49868